000 00277nam a22000977a 4500
008 131105b xxu||||| |||| 00| 0 eng d
020 _a8177582313
_cAvailable
050 _a005.8MCC
245 _aWeb Hacking Attack and Defense
_cMcClure Stuart
260 _aIndia
_bPearson Education
_c2006
999 _c23511
_d23511